[Event "FICGS class D 000196 email"]
[Site "FICGS email"]
[Date "2013.08.16"]
[Round "1"]
[White "Vermeulen, Aad"]
[Black "Archip, Laurentiu"]
[Result "0-1"]
[WhiteElo "1566"]
[BlackElo "1597"]
[PlyCount "78"]
[EventDate "2013.??.??"]
[EventType "tourn (corr)"]
[EventRounds "6"]
[SourceTitle "Corr 2022"]
[Source "ChessBase"]
[SourceDate "2021.10.24"]
[SourceVersion "1"]
[SourceVersionDate "2021.10.24"]
[SourceQuality "1"]

1. e4 d5 2. exd5 Qxd5 3. Nc3 Qd8 4. d4 Nf6 5. Nf3 e6 6. Bd3 b6 7. 0-0 Bb4 8. Bg5 Bxc3 9. bxc3 Bb7 10. Ne5 Qd5 11. f3 Nbd7 12. Bc4 Qa5 13. Nxd7 Nxd7 14. Qd2 0-0 15. Bd3 Ba6 16. Bxa6 Qxa6 17. Rfe1 c5 18. dxc5 Nxc5 19. Be7 Rfe8 20. Bxc5 bxc5 21. Red1 h6 22. Qd3 Qb6 23. c4 Red8 24. Qb3 Rab8 25. Rxd8+ Qxd8 26. Qd3 Qd4+ 27. Qxd4 cxd4 28. Rd1 e5 29. f4 f6 30. fxe5 fxe5 31. Kf2 Rb2 32. Rd2 Rxa2 33. Kf3 Kf7 34. Ke4 Ke6 35. Rf2 Ra3 36. Rf3 Rxf3 37. gxf3 a5 38. Kd3 a4 39. Kd2 Kd6 0-1

[Event "FICGS rapid D 000078 email"]
[Site "FICGS email"]
[Date "2013.06.09"]
[Round "1"]
[White "Vermeulen, Aad"]
[Black "Pech, Jaroslav Senior"]
[Result "1-0"]
[WhiteElo "1396"]
[BlackElo "1425"]
[PlyCount "27"]
[EventDate "2013.??.??"]
[EventType "tourn (rapid)"]
[EventRounds "5"]
[SourceTitle "Corr 2022"]
[Source "ChessBase"]
[SourceDate "2021.10.24"]
[SourceVersion "1"]
[SourceVersionDate "2021.10.24"]
[SourceQuality "1"]

1. d4 Nf6 2. c4 g6 3. Nf3 Bg7 4. g3 0-0 5. Bg2 d6 6. Nc3 Nbd7 7. 0-0 e5 8. e4 exd4 9. Nxd4 Re8 10. Re1 Nc5 11. b4 Ncd7 12. Nb3 c6 13. Bd2 Ne5 14. Qe2 1-0

[Event "FICGS class E 000164 email"]
[Site "FICGS email"]
[Date "2013.06.05"]
[Round "1"]
[White "Pech, Matej"]
[Black "Vermeulen, Aad"]
[Result "0-1"]
[WhiteElo "1216"]
[BlackElo "1396"]
[PlyCount "30"]
[EventDate "2013.??.??"]
[EventType "tourn (corr)"]
[EventRounds "5"]
[SourceTitle "Corr 2022"]
[Source "ChessBase"]
[SourceDate "2021.10.24"]
[SourceVersion "1"]
[SourceVersionDate "2021.10.24"]
[SourceQuality "1"]

1. d4 Nf6 2. c4 g6 3. Nc3 d5 4. cxd5 Nxd5 5. e4 Nxc3 6. bxc3 Bg7 7. Nf3 c5 8. Rb1 0-0 9. Be2 Nc6 10. d5 Bxc3+ 11. Bd2 Qa5 12. dxc6 Bxd2+ 13. Qxd2 Qxd2+ 14. Kxd2 bxc6 15. Ne5 Be6 0-1

[Event "FICGS class E 000164 email"]
[Site "FICGS email"]
[Date "2013.06.05"]
[Round "1"]
[White "Stoyanov, Zdravko"]
[Black "Vermeulen, Aad"]
[Result "0-1"]
[WhiteElo "1270"]
[BlackElo "1396"]
[PlyCount "72"]
[EventDate "2013.??.??"]
[EventType "tourn (corr)"]
[EventRounds "5"]
[SourceTitle "Corr 2022"]
[Source "ChessBase"]
[SourceDate "2021.10.24"]
[SourceVersion "1"]
[SourceVersionDate "2021.10.24"]
[SourceQuality "1"]

1. e4 e6 2. Nf3 d5 3. e5 c5 4. c3 Nc6 5. Bb5 Bd7 6. Bxc6 Bxc6 7. 0-0 Ne7 8. Re1 Qc7 9. d4 cxd4 10. cxd4 Nc8 11. h3 Nb6 12. Nc3 Be7 13. Be3 Nc4 14. Bf4 Nxb2 15. Qc2 Nc4 16. Bg5 Bxg5 17. Nxg5 h6 18. Nf3 Rc8 19. Qe2 a6 20. a4 0-0 21. Nd2 Nxd2 22. Qxd2 Qa5 23. Red1 Bd7 24. Qb2 Qxc3 25. Qxb7 Qc6 26. Qb3 Rb8 27. Qd3 Rfc8 28. Kh2 Qc4 29. Qxc4 Rxc4 30. a5 Rbb4 31. f4 Rxd4 32. Rf1 Rxf4 33. Rxf4 Rxf4 34. Rb1 Bb5 35. Rc1 Rc4 36. Rxc4 dxc4 0-1

[Event "FICGS class E 000164 email"]
[Site "FICGS email"]
[Date "2013.06.05"]
[Round "1"]
[White "Vermeulen, Aad"]
[Black "Rezack, Thomas"]
[Result "1-0"]
[WhiteElo "1396"]
[BlackElo "1388"]
[PlyCount "81"]
[EventDate "2013.??.??"]
[EventType "tourn (corr)"]
[EventRounds "5"]
[SourceTitle "Corr 2022"]
[Source "ChessBase"]
[SourceDate "2021.10.24"]
[SourceVersion "1"]
[SourceVersionDate "2021.10.24"]
[SourceQuality "1"]

1. d4 Nf6 2. c4 e6 3. Nf3 c5 4. d5 exd5 5. cxd5 d6 6. Nc3 g6 7. e4 Bg7 8. Bd3 a6 9. a4 0-0 10. 0-0 Nbd7 11. a5 Re8 12. Re1 b5 13. axb6 Nxb6 14. Nd2 Qc7 15. Nc4 Nfd7 16. f4 Bd4+ 17. Be3 Nxc4 18. Bxc4 Bg7 19. Bf2 Nb6 20. Bf1 Ra7 21. Qd2 Qd8 22. Ra2 Qe7 23. b3 Qf6 24. Na4 Nd7 25. b4 cxb4 26. Bxa7 Qe7 27. Qxb4 Nf6 28. Bd4 Nh5 29. Bxg7 Kxg7 30. g3 Nf6 31. Bg2 Bd7 32. Nc3 Bc8 33. e5 dxe5 34. Qxe7 Rxe7 35. fxe5 Nd7 36. Rae2 Nc5 37. d6 Re8 38. Bc6 Re6 39. Re3 a5 40. Nd5 a4 41. Nc7 1-0

[Event "FICGS rapid D 000077 email"]
[Site "FICGS email"]
[Date "2013.05.12"]
[Round "1"]
[White "Budnar, Milos"]
[Black "Vermeulen, Aad"]
[Result "0-1"]
[WhiteElo "1340"]
[BlackElo "1396"]
[PlyCount "40"]
[EventDate "2013.??.??"]
[EventType "tourn (rapid)"]
[EventRounds "5"]
[SourceTitle "Corr 2022"]
[Source "ChessBase"]
[SourceDate "2021.10.24"]
[SourceVersion "1"]
[SourceVersionDate "2021.10.24"]
[SourceQuality "1"]

1. e4 e6 2. d4 d5 3. Nc3 Nf6 4. Bg5 Be7 5. e5 Nfd7 6. Bxe7 Qxe7 7. f4 a6 8. Nf3 c5 9. dxc5 Nxc5 10. a3 Nc6 11. Nd4 Bd7 12. b4 Nxd4 13. Qxd4 Na4 14. Nxa4 Bxa4 15. Bd3 0-0 16. 0-0 Rac8 17. c4 dxc4 18. Bxc4 Rfd8 19. Qe3 Rxc4 20. Rac1 Rcd4 0-1

[Event "FICGS rapid D 000076 email"]
[Site "FICGS email"]
[Date "2013.04.04"]
[Round "1"]
[White "Budnar, Milos"]
[Black "Vermeulen, Aad"]
[Result "0-1"]
[WhiteElo "1336"]
[BlackElo "1307"]
[PlyCount "50"]
[EventDate "2013.??.??"]
[EventType "tourn (rapid)"]
[EventRounds "5"]
[SourceTitle "Corr 2022"]
[Source "ChessBase"]
[SourceDate "2021.10.24"]
[SourceVersion "1"]
[SourceVersionDate "2021.10.24"]
[SourceQuality "1"]

1. e4 e6 2. d4 d5 3. Nc3 Bb4 4. e5 c5 5. a3 Bxc3+ 6. bxc3 cxd4 7. cxd4 Nc6 8. Bb5 Qa5+ 9. Bd2 Qxb5 10. Ne2 Qb6 11. c3 Nge7 12. 0-0 0-0 13. Ng3 Na5 14. Qg4 Ng6 15. Rfb1 Qd8 16. h4 Qxh4 17. Qxh4 Nxh4 18. Rb4 Nc4 19. Bg5 Ng6 20. Ne2 b6 21. Ra2 Bd7 22. Nf4 Nxf4 23. Bxf4 Rfc8 24. Rb1 Ba4 25. Rb4 b5 0-1

[Event "FICGS rapid D 000076 email"]
[Site "FICGS email"]
[Date "2013.04.04"]
[Round "1"]
[White "Vermeulen, Aad"]
[Black "Brulland, Emmanuel"]
[Result "1-0"]
[WhiteElo "1307"]
[BlackElo "1373"]
[PlyCount "99"]
[EventDate "2013.??.??"]
[EventType "tourn (rapid)"]
[EventRounds "5"]
[SourceTitle "Corr 2022"]
[Source "ChessBase"]
[SourceDate "2021.10.24"]
[SourceVersion "1"]
[SourceVersionDate "2021.10.24"]
[SourceQuality "1"]

1. d4 d5 2. c4 c6 3. Nf3 e6 4. Nc3 Nf6 5. e3 Be7 6. Bd3 0-0 7. 0-0 Re8 8. Qc2 h6 9. a3 Nbd7 10. cxd5 exd5 11. Bd2 Bf8 12. Rac1 g6 13. b4 Bg7 14. Rfd1 b5 15. a4 a6 16. axb5 axb5 17. Ra1 Bb7 18. h3 Qc7 19. Rdb1 Rxa1 20. Rxa1 Ra8 21. Rxa8+ Bxa8 22. Nxb5 Qb7 23. Nc3 Qb6 24. Na4 Qa7 25. Nc5 Nxc5 26. bxc5 Qa1+ 27. Qb1 Qxb1+ 28. Bxb1 Ne4 29. Ba5 Bb7 30. Bd3 Nf6 31. Kf1 Kf8 32. Ke2 Ke7 33. Kd2 Nd7 34. Kc2 Nb8 35. Kb3 Ba6 36. Bxa6 Nxa6 37. Ka4 Kd7 38. Bb6 Bf6 39. Ka5 Nc7 40. Bxc7 Kxc7 41. Ka6 Bg7 42. Ne5 Bxe5 43. dxe5 h5 44. g4 hxg4 45. hxg4 g5 46. Ka7 Kc8 47. Kb6 Kd7 48. Kb7 Ke6 49. Kxc6 Kxe5 50. Kd7 1-0

[Event "FICGS rapid E 000097 email"]
[Site "FICGS email"]
[Date "2013.02.20"]
[Round "1"]
[White "Bromo, Alexis"]
[Black "Vermeulen, Aad"]
[Result "0-1"]
[WhiteElo "1182"]
[BlackElo "1200"]
[PlyCount "46"]
[EventDate "2013.??.??"]
[EventType "tourn (rapid)"]
[EventRounds "6"]
[SourceTitle "Corr 2022"]
[Source "ChessBase"]
[SourceDate "2021.10.24"]
[SourceVersion "1"]
[SourceVersionDate "2021.10.24"]
[SourceQuality "1"]

1. d4 Nf6 2. c4 g6 3. Nc3 d5 4. e3 Bg7 5. Nf3 0-0 6. b4 a5 7. b5 c6 8. a4 c5 9. h3 cxd4 10. exd4 e6 11. Bg5 h6 12. Bxf6 Bxf6 13. Qd2 Bg7 14. Bd3 dxc4 15. Bxc4 b6 16. 0-0 Bb7 17. Qd3 Nd7 18. Rfe1 Rc8 19. Rac1 Nf6 20. Bxe6 fxe6 21. Rxe6 Bxf3 22. gxf3 Nd5 23. Rxg6 Nf4 0-1

[Event "FICGS class E 000159 email"]
[Site "FICGS email"]
[Date "2013.02.01"]
[Round "1"]
[White "Vermeulen, Aad"]
[Black "Goti, Javier"]
[Result "1-0"]
[WhiteElo "1200"]
[BlackElo "1273"]
[PlyCount "91"]
[EventDate "2013.??.??"]
[EventType "tourn (corr)"]
[EventRounds "5"]
[SourceTitle "Corr 2022"]
[Source "ChessBase"]
[SourceDate "2021.10.24"]
[SourceVersion "1"]
[SourceVersionDate "2021.10.24"]
[SourceQuality "1"]

1. d4 g6 2. e4 Bg7 3. Nf3 d6 4. Be2 Nf6 5. Nbd2 0-0 6. c3 Bg4 7. 0-0 c5 8. h3 Bxf3 9. Bxf3 Nc6 10. d5 Ne5 11. Be2 e6 12. c4 b5 13. cxb5 exd5 14. exd5 Nxd5 15. Ne4 Nb4 16. Qxd6 Qxd6 17. Nxd6 Ned3 18. Bxd3 Nxd3 19. Rb1 Nxc1 20. Rfxc1 Rfd8 21. Nb7 Rdb8 22. Nxc5 Rxb5 23. b4 a5 24. a3 a4 25. Kf1 Re8 26. Re1 Rxe1+ 27. Kxe1 Bc3+ 28. Ke2 Bd4 29. Nxa4 f5 30. Rd1 Re5+ 31. Kf1 Ba7 32. Rd8+ Kf7 33. Rd7+ Re7 34. Rxe7+ Kxe7 35. Ke2 Kf6 36. b5 Ke7 37. f4 Kd7 38. Kd3 Kc7 39. b6+ Bxb6 40. Nxb6 Kxb6 41. Kd4 Kb5 42. Ke5 Ka4 43. g4 fxg4 44. hxg4 Kxa3 45. f5 gxf5 46. gxf5 1-0

[Event "FICGS class F 000123 email"]
[Site "FICGS email"]
[Date "2013.01.30"]
[Round "1"]
[White "Vermeulen, Aad"]
[Black "Cavaille, Cedric"]
[Result "1-0"]
[WhiteElo "1200"]
[BlackElo "998"]
[PlyCount "59"]
[EventDate "2013.??.??"]
[EventType "tourn (corr)"]
[EventRounds "5"]
[SourceTitle "Corr 2022"]
[Source "ChessBase"]
[SourceDate "2021.10.24"]
[SourceVersion "1"]
[SourceVersionDate "2021.10.24"]
[SourceQuality "1"]

1. e4 c5 2. Nf3 d6 3. d4 cxd4 4. Nxd4 a6 5. Nc3 Nf6 6. Be2 e6 7. Be3 Be7 8. 0-0 b5 9. a3 0-0 10. Bf3 Bb7 11. Qe2 Nc6 12. Rfd1 Nxd4 13. Bxd4 d5 14. exd5 Nxd5 15. Nxd5 Bxd5 16. Bxd5 Qxd5 17. Bxg7 Qxd1+ 18. Rxd1 Kxg7 19. g3 Bf6 20. c3 Rab8 21. h4 a5 22. Qh5 e5 23. Rd6 b4 24. Qg4+ Kh8 25. Rxf6 bxc3 26. bxc3 Rg8 27. Qe4 Rb3 28. Qxe5 Rxa3 29. Rxf7+ Rg7 30. Qxg7# 1-0

[Event "LSS OP-2007-0-00414"]
[Site "LSS email"]
[Date "2007.11.24"]
[Round "?"]
[White "Vermeulen, Aad"]
[Black "Michas, John"]
[Result "1-0"]
[WhiteElo "1460"]
[BlackElo "1525"]
[PlyCount "29"]
[EventDate "2007.11.23"]
[EventType "tourn (corr)"]
[EventRounds "4"]
[EventCountry "GER"]
[SourceTitle "Corr 2015"]
[Source "ChessBase"]
[SourceDate "2015.07.17"]
[SourceVersion "1"]
[SourceVersionDate "2015.07.17"]
[SourceQuality "1"]

1. d4 a6 2. e4 b5 3. Nf3 Bb7 4. Bd3 e6 5. Qe2 c5 6. c3 c4 7. Bc2 Nf6 8. 0-0 Be7 9. Re1 0-0 10. Nbd2 d5 11. e5 Nc6 12. exf6 Bxf6 13. Nf1 b4 14. Ng3 Be7 15. h3 1-0

[Event "LSS RI-2007-0-00130"]
[Site "LSS email"]
[Date "2007.09.20"]
[Round "?"]
[White "Vermeulen, Aad"]
[Black "Szenczy, Sandor"]
[Result "0-1"]
[WhiteElo "1460"]
[BlackElo "1938"]
[PlyCount "20"]
[EventDate "2007.09.16"]
[EventType "tourn (corr)"]
[EventRounds "6"]
[EventCountry "GER"]
[SourceTitle "Corr 2015"]
[Source "ChessBase"]
[SourceDate "2015.07.17"]
[SourceVersion "1"]
[SourceVersionDate "2015.07.17"]
[SourceQuality "1"]

1. d4 Nf6 2. c4 e5 3. dxe5 Ng4 4. Nf3 Nc6 5. e4 Bc5 6. Be3 Nxe3 7. fxe3 Bxe3 8. Qb3 Nd4 9. Nxd4 Qh4+ 10. Ke2 Bxd4 0-1

[Event "LSS OP-2007-0-00362"]
[Site "LSS email"]
[Date "2007.09.06"]
[Round "?"]
[White "Vermeulen, Aad"]
[Black "Agustin, Santos Etxepare"]
[Result "1-0"]
[WhiteElo "1730"]
[BlackElo "1387"]
[PlyCount "31"]
[EventDate "2007.09.06"]
[EventType "tourn (corr)"]
[EventRounds "4"]
[EventCountry "GER"]
[SourceTitle "Corr 2022"]
[Source "ChessBase"]
[SourceDate "2021.10.24"]
[SourceVersion "1"]
[SourceVersionDate "2021.10.24"]
[SourceQuality "1"]

1. d4 Nf6 2. c4 e6 3. Nf3 Be7 4. e3 0-0 5. Be2 Bb4+ 6. Bd2 Bxd2+ 7. Nbxd2 d5 8. 0-0 Ne4 9. Nxe4 dxe4 10. Nd2 b6 11. Nxe4 Bb7 12. Nc3 Nd7 13. Bf3 Bxf3 14. Qxf3 f5 15. Qg3 g6 16. h4 1-0

[Event "LSS RI-2007-0-00096"]
[Site "LSS email"]
[Date "2007.03.05"]
[Round "?"]
[White "Vermeulen, Aad"]
[Black "Baumann, Arend"]
[Result "0-1"]
[WhiteElo "1460"]
[BlackElo "1512"]
[PlyCount "28"]
[EventDate "2007.03.01"]
[EventType "tourn (corr)"]
[EventRounds "6"]
[EventCountry "GER"]
[SourceTitle "Corr 2015"]
[Source "ChessBase"]
[SourceDate "2015.07.17"]
[SourceVersion "1"]
[SourceVersionDate "2015.07.17"]
[SourceQuality "1"]

1. e4 e6 2. d4 d5 3. Nc3 Bb4 4. e5 c5 5. a3 Bxc3+ 6. bxc3 Qc7 7. Qg4 f5 8. Qg3 Nc6 9. Ne2 Kf7 10. f4 Nge7 11. Qf3 b6 12. g3 Ba6 13. Be3 cxd4 14. cxd4 Na5 0-1

[Event "IECG RI.2007.0.00096 email"]
[Site "IECG email"]
[Date "2007.03.01"]
[Round "?"]
[White "Buchaillot, Luis Mario"]
[Black "Vermeulen, Aad"]
[Result "1-0"]
[WhiteElo "1887"]
[BlackElo "1730"]
[PlyCount "49"]
[EventDate "2007.03.01"]
[EventType "tourn (corr)"]
[EventRounds "6"]
[SourceTitle "Corr 2008"]
[Source "ChessBase"]
[SourceDate "2008.06.24"]
[SourceVersion "1"]
[SourceVersionDate "2008.06.24"]
[SourceQuality "1"]

1. d4 d5 2. e4 dxe4 3. Nc3 Nf6 4. f3 exf3 5. Nxf3 Bg4 6. Bc4 e6 7. 0-0 Be7 8. Qd3 0-0 9. Ne4 Nbd7 10. Nfg5 h6 11. Rxf6 Bxf6 12. Nf3 Bxf3 13. gxf3 Nb6 14. Nxf6+ Qxf6 15. Bb3 Rfd8 16. c3 c5 17. Bc2 cxd4 18. Bd2 dxc3 19. Qh7+ Kf8 20. Bxc3 Qg5+ 21. Kh1 g6 22. Bb4+ Ke8 23. Qg8+ Kd7 24. Qxf7+ Kc8 25. Qxe6+ 1-0